Even More Speed Typing - Statistics

General Stats
  • This quiz has been taken 43 times
  • The average score is 44 of 70
Answer Stats
Hint Answer % Correct
a a
100%
a a
100%
a a
100%
a a
100%
e e
100%
e e
100%
g g
100%
g g
100%
i i
100%
i i
100%
i i
100%
i i
100%
i i
100%
i i
100%
m m
100%
m m
100%
m m
100%
m m
100%
n n
100%
n n
100%
g g
96%
g g
92%
i i
84%
i i
84%
e e
80%
e e
80%
i i
80%
n n
80%
n n
80%
i i
72%
a a
68%
a a
68%
g g
68%
g g
68%
i i
68%
i i
68%
m m
68%
m m
68%
n n
68%
n n
68%
e e
60%
e e
60%
i i
60%
i i
60%
a a
56%
m m
56%
m m
56%
a a
48%
g g
44%
g g
36%
i i
28%
i i
28%
n n
28%
e e
24%
n n
24%
e e
20%
i i
20%
i i
20%
m m
20%
a a
16%
m m
16%
a a
12%
e e
8%
e e
8%
g g
8%
g g
8%
i i
8%
i i
8%
n n
8%
n n
8%
No matching quizzes found
Score Distribution
Percent of People with Each Score
Percentile by Number Answered
Your Score History
You have not taken this quiz